00369nam a2200121Ia 4500008004100000082002100041100002000062245002700082260005500109300000800164630001800172650005700190211109s9999||||xx |||||||||||||| ||und|| a894.81207bVIJ-K aVijayan Nair, K 0aKalayude Mukhadarsanam bPurogamana Kala Sahitya SamghamaMavelikkarac1989 a72p xGENERAL STACK aMalayalam literaturevLiterature & rhetoricGeneralia